| 000 | 00367nam a2200133Ia 4500 | ||
|---|---|---|---|
| 008 | 210430s9999 xx 000 0 und d | ||
| 020 | _a4024-4024-4024 | ||
| 082 | _a297 S2431 A | ||
| 100 |
_aM SARWAR Khan _954303 |
||
| 245 |
_aAqal say kaam kyun nahe Lete / _cM SARWAR Khan |
||
| 260 |
_aKarachi _bQurain book foundation _c2011 |
||
| 300 | _a319p | ||
| 942 |
_cBK _2ddc |
||
| 999 |
_c564803 _d564803 |
||